Регионална библиотека "Любен Каравелов" - Русе

Коледна песен (Запис номер 189418)

MARC детайли
000 -Лидер
Контролно поле с фиксирана дължина 01711nam a2200421 a 4500
003 - Код на организацията, давaща контролен номер
Контролно поле BLK
005 - Дата и час на последна редакция
Контролно поле 20231216110620.0
008 - Елементи от данни с фиксирана дължина
fixed length control field 180411b bul|||||r ||||||| ||bul||
010 ## - Наследен системен номер
LC control number KNG00198461000
020 ## - Международен стандартен номер на книга ISBN
Международен стандартен номер на книга ISBN 978-954-660-635-8
040 ## - Източник на каталожния запис
Идентификатор на билиотеката - собственик на записа BLK
041 ## - Код за език
Код за езика на текст/звукозапис или на отделно заглавие Български
Код за езика КДБФ Български
072 #7 - Код за тематичната категория
Код организация bullib
Код за тематична категория Н85
Текст Детска художествена литература Н
080 ## - УДК
Текстов определител УДК Английска литература
УДК код - определител по УДК 821.111
УДК определител -93-91
УДК - код + определител 821.111-93-91
139 ## - Редно поле
Редна дума Коледна песен
Авторски знак Колев - К 78
245 10 - Сведения за заглавието
Заглавие Коледна песен
Подзаглавни данни Адапт. по едноименния роман на Чарлз Дикенс
Редно поле (дума) Чарлс Дикенс; прев. Корнелия Иванова Лозанова; худож. Лилия Тодорова.
257 ## - Страна на издаване
Страна на създаване/издаване Великобритания
260 ## - Област на издателските данни
Място на издаване, разпространение и проч. София
Име на издателя, разпространителя и проч. ПАН
Година на издаване 2015
300 ## - Физическа характеристика
Страници 16 с.
Илюстрации и др. с цв. ил.
Размери/Мащаб 29 см
380 ## - Жанр
Жанр Детска худож. лит.
500 ## - Общи забележки
Забележка Кор. опис. - Без сведение за ориг. загл. ; Ориг. загл. A Christmas Carol / Charles Dickens.
653 ## - Ключова дума – ненормативна
Ключова дума Коледа
653 ## - Ключова дума – ненормативна
Ключова дума приказки
653 ## - Ключова дума – ненормативна
Ключова дума адаптирани книги
653 ## - Ключова дума – ненормативна
Ключова дума литература за деца
653 ## - Ключова дума – ненормативна
Ключова дума детска литература
659 ## - Тематичен бюлетин
Тематичен бюлетин Н
700 1# - Други автори (авторска отговорност)
Лично име Дикенс, Чарлс
Автороска отговорност (Описва отношението между автора и произведението) *
9 (RLIN) 363697
700 1# - Други автори (авторска отговорност)
Лично име Лозанова, Корнелия Иванова
9 (RLIN) 367357
700 1# - Други автори (авторска отговорност)
Лично име Тодорова, Лилия
Автороска отговорност (Описва отношението между автора и произведението) худож.
9 (RLIN) 384168
852 ## - Местоположение
Форматна сигнатура Цб ІІ 25252
Фондова буква Хранилище
856 4# - Електронен адрес и достъп
Електронен формат pdf - файл
856 4# - Електронен адрес и достъп
Електронен формат pdf - файл
942 ## - АРТИКУЛИ
Вид на библиотечния материал Книги
Скрит в OPAC Не
Koha issues (borrowed), all copies 11
Периодичен библиозапис Да
944 ## - СЪЗДАВАНЕ И РЕДАКЦИЯ на ЗАПИСА
Създаване/Редакция Създаване
Дата на регистрацията/редакция 17.12.2016
Статус, дата на статуса Бояна Костадинова
Служител, извършил регистрацията/редакцията 30551
944 ## - СЪЗДАВАНЕ И РЕДАКЦИЯ на ЗАПИСА
Създаване/Редакция Редакция
Дата на регистрацията/редакция 21.12.2016
Статус, дата на статуса ф /
Служител, извършил регистрацията/редакцията Людмила_Стоянова
999 ## - СИСТЕМНИ КОНТРОЛНИ НОМЕРА
Koha biblionumber 189418
Koha biblioitemnumber 189418
999 ## - СИСТЕМНИ КОНТРОЛНИ НОМЕРА
Koha biblioitemnumber 189418
Наличности
Код за отписване Код за изгубен артикул Код за повреда Коз за рестрикции Код за отдаване Артикулен № Име на библиотеката - собственик Име на библиотеката, в която се намира в момента Статус (Текущо местоположение) Дата на вписване в системата Местоположение - отдел Цена в лева Инвентарен номер Систематично азбучна сигнатура Баркод Номер на екземпляра Цена в евро Служебна бележка Служебен тип на артикула Източник на класификационната схема
  Не е изгубен Не е повреден без рестрикции заемане за дома 333279 Регионална библиотека "Любен Каравелов" Русе Регионална библиотека "Любен Каравелов" Русе Детски отдел 2016-12-21 Детски отдел 3.90 120000806736 ДХ 820/899/К 78 120000806736 1 1.99 Дост: Pk Вид: Ф N: 475 Дата: 19.12.2016 Книги  
  Не е изгубен Не е повреден   ползва се в читалня 780084 Регионална библиотека "Любен Каравелов" Русе Регионална библиотека "Любен Каравелов" Русе Хранилище 2020-07-03 Хранилище 3.90   Цб ІІ 25252 120000844258   1.99   Книги Universal Decimal Classification
Vip Innovations Ltd, Rousse, Bulgaria 2025